[Event "Puhajarve rap op 16th"]
[Site "Puhajarve"]
[Date "2015.11.27"]
[Round "6"]
[White "Shirov, Alexei"]
[Black "Huebner, Robert"]
[Result "1-0"]
[WhiteElo "2689"]
[BlackElo "2588"]
[PlyCount "159"]
[EventDate "2015.11.27"]
[EventType "tourn (rapid)"]
[EventRounds "33"]
[EventCountry "EST"]
[EventCategory "1"]
[SourceTitle "CBM 169 Extra"]
[Source "ChessBase"]
[SourceDate "2015.12.18"]
[SourceVersion "1"]
[SourceVersionDate "2015.12.18"]
[SourceQuality "1"]

1. e4 e6 2. d4 d5 3. e5 c5 4. c3 Nc6 5. Nf3 Bd7 6. Be2 Nge7 7. 0-0 Nf5 8. dxc5 Bxc5 9. Bd3 0-0 10. Bxf5 exf5 11. Qxd5 Bb6 12. Bg5 Qc7 13. Na3 Be6 14. Qd6 Qxd6 15. exd6 h6 16. Be3 Bxe3 17. fxe3 Rad8 18. Rfd1 Rd7 19. c4 b6 20. Nd4 Rc8 21. Nxe6 fxe6 22. Rd2 Ne5 23. Rad1 Rc6 24. b3 Nf7 25. Nb5 a6 26. Nc7 Rdxd6 27. Rxd6 Nxd6 28. Nxe6 Nf7 29. Nd4 Rd6 30. Kf2 g6 31. Ke2 Ng5 32. Nf3 Re6 33. Rd8+ Kf7 34. Nd4 Re4 35. g3 Ne6 36. Rd6 Nxd4+ 37. Rxd4 Re6 38. Rd7+ Kf6 39. b4 Kg5 40. Ra7 a5 41. b5 Kg4 42. Ra6 g5 43. c5 f4 44. gxf4 gxf4 45. cxb6 Rxe3+ 46. Kd2 Re5 47. Rxa5 f3 48. b7 Re8 49. Ra8 f2 50. Rxe8 f1Q 51. b8Q Qf2+ 52. Kc3 Qc5+ 53. Kb3 Qd5+ 54. Kb4 Qd2+ 55. Kc5 Qc3+ 56. Kb6 Qd4+ 57. Kb7 Qd5+ 58. Ka6 Qxa2+ 59. Kb6 Qf2+ 60. Kc7 Qc5+ 61. Kd7 Qf5+ 62. Re6 Qf7+ 63. Re7 Qf5+ 64. Ke8 Qg6+ 65. Kd8 Qg8+ 66. Kc7 Qc4+ 67. Kb6 Qd4+ 68. Ka6 Qa4+ 69. Kb6 Qd4+ 70. Kc6 Qc4+ 71. Kd6 Qf4+ 72. Re5 Qf6+ 73. Kc5 Qf2+ 74. Kc6 Qf6+ 75. Qd6 Qf3+ 76. Qd5 Qc3+ 77. Kd7 Qc2 78. Re4+ Kh3 79. Qh5+ Kg2 80. Re2+ 1-0

[Event "SUI-chT"]
[Site "Switzerland"]
[Date "2015.05.31"]
[Round "4.1"]
[White "Huebner, Robert"]
[Black "Buhmann, Rainer"]
[Result "1/2-1/2"]
[WhiteElo "2611"]
[BlackElo "2586"]
[PlyCount "75"]
[EventDate "2015.03.29"]
[EventType "team-tourn"]
[EventRounds "9"]
[EventCountry "SUI"]
[SourceTitle "EXT 2016"]
[Source "ChessBase"]
[SourceDate "2015.10.08"]
[SourceVersion "1"]
[SourceVersionDate "2015.10.08"]
[SourceQuality "1"]
[WhiteTeam "Luzern"]
[BlackTeam "Bern Schwarz Weiss"]
[WhiteTeamCountry "SUI"]
[BlackTeamCountry "SUI"]

1. d4 d5 2. c4 c6 3. Nc3 Nf6 4. Nf3 e6 5. e3 Nbd7 6. Bd3 dxc4 7. Bxc4 b5 8. Bd3 a6 9. e4 c5 10. d5 c4 11. dxe6 cxd3 12. exd7+ Qxd7 13. e5 Nd5 14. Qxd3 Nxc3 15. Qxc3 Bb7 16. 0-0 Rc8 17. Qe3 Bc5 18. Qe2 Qg4 19. Be3 Bxe3 20. Qxe3 Bxf3 21. Qxf3 Qxf3 22. gxf3 Ke7 23. Rfd1 Rc2 24. Rd6 Rd8 25. Rad1 Rxd6 26. Rxd6 a5 27. Ra6 a4 28. b3 Rxa2 29. bxa4 bxa4 30. f4 g6 31. Kg2 Ra1 32. h4 h5 33. Kf3 Ra3+ 34. Ke4 Ra2 35. Ra7+ Ke6 36. Ra6+ Ke7 37. Ra7+ Ke6 38. Ra6+ 1/2-1/2

[Event "BL2-West 1415"]
[Site "Germany"]
[Date "2015.04.12"]
[Round "9.1"]
[White "Huebner, Robert"]
[Black "Danin, Alexandre"]
[Result "1/2-1/2"]
[WhiteElo "2599"]
[BlackElo "2572"]
[PlyCount "27"]
[EventDate "2014.09.21"]
[EventType "team-tourn"]
[EventRounds "9"]
[EventCountry "GER"]
[SourceTitle "CBM 166 Extra"]
[Source "ChessBase"]
[SourceDate "2015.06.18"]
[SourceVersion "1"]
[SourceVersionDate "2015.06.18"]
[SourceQuality "1"]
[WhiteTeam "Godesberg"]
[BlackTeam "Bochum SV"]
[WhiteTeamCountry "GER"]
[BlackTeamCountry "GER"]

1. c4 Nf6 2. g3 d5 3. cxd5 Nxd5 4. Bg2 c5 5. Nc3 Nc7 6. Nf3 Nc6 7. a3 g6 8. 0-0 Bg7 9. d3 Bd7 10. Bd2 0-0 11. Rb1 a5 12. Qc1 b6 13. Bh6 Rc8 14. Bxg7 1/2-1/2

[Event "BL2-West 1415"]
[Site "Germany"]
[Date "2014.11.09"]
[Round "3.1"]
[White "Huebner, Robert"]
[Black "Fiebig, Thomas"]
[Result "1-0"]
[WhiteElo "2599"]
[BlackElo "2401"]
[PlyCount "129"]
[EventDate "2014.09.21"]
[EventType "team-tourn"]
[EventRounds "9"]
[EventCountry "GER"]
[SourceTitle "CBM 166 Extra"]
[Source "ChessBase"]
[SourceDate "2015.06.18"]
[SourceVersion "1"]
[SourceVersionDate "2015.06.18"]
[SourceQuality "1"]
[WhiteTeam "Godesberg"]
[BlackTeam "Emsdetten Turm II"]
[WhiteTeamCountry "GER"]
[BlackTeamCountry "GER"]

1. e4 e6 2. d4 d5 3. Nd2 Nc6 4. Ngf3 Nf6 5. e5 Nd7 6. Nb3 Be7 7. Bb5 a5 8. Bf4 a4 9. Nc1 a3 10. b3 Na7 11. Be2 c5 12. c3 cxd4 13. cxd4 Nc6 14. Nd3 Qb6 15. Be3 Nb4 16. 0-0 0-0 17. h4 f5 18. Bg5 Rf7 19. Qd2 Nxd3 20. Bxd3 Bb4 21. Qe2 Bc3 22. Rad1 Bxd4 23. Bxf5 Bxf2+ 24. Rxf2 Rxf5 25. Be7 Nf8 26. Nd4 Rxf2 27. Qxf2 Bd7 28. h5 h6 29. Qg3 Kf7 30. Rf1+ Kg8 31. Rf4 Nh7 32. Rg4 Ng5 33. Bxg5 hxg5 34. Qe3 Rf8 35. Qxg5 Rf7 36. h6 Qb4 37. Nf3 Qe7 38. Qg6 Be8 39. Kh2 Rf5 40. Qxg7+ Qxg7 41. Rxg7+ Kh8 42. Kg3 Rf7 43. Rg4 Rf5 44. Rg7 Rf7 45. Nd4 Rxg7+ 46. hxg7+ Kg8 47. Kf4 Bg6 48. Ke3 Bb1 49. Kd2 Kxg7 50. Nxe6+ Kg6 51. Nd4 Kg5 52. g3 Bh7 53. Kc3 Bb1 54. Kb4 Bxa2 55. Kxa3 Bb1 56. Kb4 Bg6 57. Kc5 Kg4 58. Kxd5 Kxg3 59. b4 Kf4 60. e6 Be8 61. e7 Bf7+ 62. Ne6+ Ke3 63. Kc5 Kd3 64. Nc7 Kc3 65. b5 1-0

[Event "SUI-chT"]
[Site "Switzerland"]
[Date "2014.06.15"]
[Round "4.1"]
[White "Huebner, Robert"]
[Black "Kosteniuk, Alexandra"]
[Result "1/2-1/2"]
[WhiteElo "2609"]
[BlackElo "2527"]
[PlyCount "167"]
[EventDate "2014.03.16"]
[EventType "team-tourn"]
[EventRounds "9"]
[EventCountry "SUI"]
[SourceTitle "EXT 2015"]
[Source "ChessBase"]
[SourceDate "2014.11.20"]
[SourceVersion "1"]
[SourceVersionDate "2014.11.20"]
[SourceQuality "1"]
[WhiteTeam "Luzern"]
[BlackTeam "Trubschachen"]
[WhiteTeamCountry "SUI"]
[BlackTeamCountry "SUI"]

1. d4 Nf6 2. Nf3 e6 3. g3 b6 4. Bg2 Bb7 5. 0-0 Be7 6. c4 0-0 7. Nc3 Ne4 8. Bd2 Nxc3 9. Bxc3 Be4 10. d5 Bf6 11. Rc1 c6 12. Ne5 Bxg2 13. Kxg2 exd5 14. cxd5 Qe7 15. Nf3 c5 16. Re1 d6 17. e4 Nd7 18. Qd3 Ne5 19. Nxe5 Bxe5 20. f4 Bxc3 21. bxc3 f6 22. Rc2 Rae8 23. Rce2 Qc7 24. c4 Rf7 25. h4 Rfe7 26. Qc3 Qd7 27. e5 fxe5 28. fxe5 dxe5 29. Rxe5 Qd6 30. Rxe7 Rxe7 31. Rxe7 Qxe7 32. Qd3 Kf7 33. Qf5+ Ke8 34. Kf3 a6 35. Qc8+ Kf7 36. Qxa6 Qf6+ 37. Kg2 Qb2+ 38. Kh3 Qb1 39. Qb7+ Kf8 40. Qb8+ Ke7 41. Qe5+ Kd8 42. Qf4 Ke8 43. a4 h5 44. Qf3 Kd7 45. g4 hxg4+ 46. Qxg4+ Kd8 47. Qf4 g6 48. Kg4 Qg1+ 49. Qg3 Qd4+ 50. Kg5 Qxc4 51. Qd6+ Kc8 52. Qc6+ Kb8 53. Qxb6+ Kc8 54. Qc6+ Kd8 55. Qd6+ Kc8 56. a5 Qc1+ 57. Qf4 Qa1 58. Qf8+ Kd7 59. Qf7+ Kc8 60. Qe8+ Kb7 61. Qc6+ Kb8 62. Qb6+ Ka8 63. Qxc5 Qe5+ 64. Kxg6 Qg3+ 65. Kf5 Qh3+ 66. Ke5 Qg3+ 67. Ke6 Qg6+ 68. Kd7 Qf7+ 69. Qe7 Qxd5+ 70. Ke8 Qh5+ 71. Kd7 Qd5+ 72. Qd6 Qf7+ 73. Kd8 Qg8+ 74. Kc7 Qf7+ 75. Qd7 Qf4+ 76. Kb6 Qf2+ 77. Kc7 Qf4+ 78. Qd6 Qf7+ 79. Kc6 Qc4+ 80. Qc5 Qe6+ 81. Kb5 Qb3+ 82. Qb4 Qd5+ 83. Kb6 Qd6+ 84. Qxd6 1/2-1/2

[Event "Luxembourg-chT 1314"]
[Site "Luxembourg"]
[Date "2014.04.27"]
[Round "10"]
[White "Huebner, Robert"]
[Black "Berend, Elvira S"]
[Result "1-0"]
[WhiteElo "2600"]
[BlackElo "2370"]
[PlyCount "127"]
[EventDate "2013.10.05"]
[EventType "team-tourn"]
[EventRounds "10"]
[EventCountry "LUX"]
[SourceTitle "EXT 2017"]
[Source "ChessBase"]
[SourceDate "2016.10.25"]
[SourceVersion "1"]
[SourceVersionDate "2016.10.25"]
[SourceQuality "1"]

1. d4 d5 2. c4 c6 3. Nc3 Nf6 4. Nf3 e6 5. e3 Nbd7 6. Bd3 dxc4 7. Bxc4 b5 8. Bd3 Bd6 9. 0-0 0-0 10. b3 Bb7 11. Bb2 Qe7 12. Rc1 Rac8 13. Qe2 Rfe8 14. Rfd1 e5 15. Bf5 e4 16. Nd2 g6 17. Bh3 Rcd8 18. g3 a6 19. a4 Bb4 20. Bg2 bxa4 21. Nxa4 a5 22. Bc3 Ra8 23. Bxb4 axb4 24. Nc5 Nxc5 25. Rxc5 Ba6 26. Qe1 Bd3 27. Nc4 Bc2 28. Rc1 Bxb3 29. Qxb4 Rab8 30. Qd2 Bxc4 31. R5xc4 Qa3 32. Rxc6 Rb2 33. Qc3 Qxc3 34. R6xc3 Kg7 35. R3c2 Rb6 36. Ra2 Re7 37. Bf1 h5 38. Kg2 h4 39. gxh4 Ne8 40. Rc5 Nd6 41. Ra6 Rxa6 42. Bxa6 Re8 43. h5 gxh5 44. Rxh5 f5 45. Be2 Rb8 46. h4 Rb2 47. Rg5+ Kf6 48. Bh5 f4 49. Rg6+ Ke7 50. Bg4 fxe3 51. Re6+ Kf7 52. Rxd6 e2 53. Bxe2 Rxe2 54. Kg3 e3 55. fxe3 Rxe3+ 56. Kf4 Rh3 57. Kg4 Rd3 58. h5 Ke7 59. Rd5 Ke6 60. Re5+ Kd6 61. Re4 Kd5 62. Rf4 Ke6 63. h6 Rd1 64. Kh5 1-0

[Event "BL2-West 1314"]
[Site "Germany"]
[Date "2014.04.06"]
[Round "9.1"]
[White "Huebner, Robert"]
[Black "Zaitsev, Mikhail"]
[Result "1-0"]
[WhiteElo "2593"]
[BlackElo "2498"]
[PlyCount "65"]
[EventDate "2013.10.13"]
[EventType "team-tourn"]
[EventRounds "9"]
[EventCountry "GER"]
[SourceTitle "EXT 2015"]
[Source "ChessBase"]
[SourceDate "2014.11.20"]
[SourceVersion "1"]
[SourceVersionDate "2014.11.20"]
[SourceQuality "1"]
[WhiteTeam "Godesberg"]
[BlackTeam "Bochum 31"]
[WhiteTeamCountry "GER"]
[BlackTeamCountry "GER"]

1. d4 d5 2. c4 c6 3. Nf3 Nf6 4. Nc3 e6 5. e3 Nbd7 6. Bd3 dxc4 7. Bxc4 b5 8. Bd3 Bb7 9. 0-0 Bd6 10. b3 0-0 11. Bb2 Qb8 12. Rc1 Rd8 13. Qe2 e5 14. dxe5 Nxe5 15. Nxe5 Bxe5 16. f4 Bd6 17. Rf3 Re8 18. Qc2 h6 19. Rg3 Nh5 20. Rh3 Nf6 21. Ne4 Nd5 22. Rg3 Bf8 23. Bxg7 Bxg7 24. Qb2 f6 25. Nxf6+ Nxf6 26. Qxf6 Qc7 27. Qxh6 Kf8 28. Qh7 Rad8 29. Bxb5 Bc8 30. Rxc6 Rd1+ 31. Kf2 Qe7 32. Rxc8 Rxc8 33. Qf5+ 1-0